Città territorio e diritto privato nei primi due secoli dell'impero. Atti del Convegno internazionale di diritto romano (Copanello, 5-8 giugno 2002)
Zapisane w:
| 1. autor: | |
|---|---|
| Format: | Nieznany |
| Język: | angielski |
| Wydane: |
Rubbettino
2010
|
| Etykiety: |
Dodaj etykietę
Nie ma etykietki, Dołącz pierwszą etykiete!
|
MARC
| LEADER | 00000 a2200000 4500 | ||
|---|---|---|---|
| 003 | CL-VaPUC | ||
| 005 | 20240801134128.0 | ||
| 008 | 240801b ||||| |||| 00| 0 eng d | ||
| 999 | |c 1190 |d 1190 | ||
| 020 | |a 8849828292 | ||
| 040 | |c Pontificia Universidad Católica de Valparaíso | ||
| 100 | |a Milazzo, Francesco |e autor |9 38 | ||
| 245 | |a Città territorio e diritto privato nei primi due secoli dell'impero. Atti del Convegno internazionale di diritto romano (Copanello, 5-8 giugno 2002) | ||
| 260 | |b Rubbettino |c 2010 | ||
| 583 | |c 20240801 | ||
| 942 | |2 ddc |c BK |n 1 | ||